000 00634nam a2200193Ia 4500
003 GCL
008 140319s9999 xx 000 0 ara d
040 _aGCL /
_cGCL
082 0 4 _a001.6424
_bب ا
100 1 _aبيكر، كارول
245 1 0 _aالف باء البرنامجDBASE IV 1.1 /
_cبيكر، كارول
700 1 _aمركز التعريب والبرمجة
260 _a[S.N] :
_bالدار العربية للعلوم
490 _a
650 0 4 _aالحاسبات الالكترونية
650 0 4 _aدبيز فور بلاس
650 0 4 _aبرامج الحاسبات الالكترونية
942 _2ddc
_cBK
999 _c52656
_d52656